000 00623nam a2200241Ia 4500
003 OSt
005 20220924121743.0
006 a|||||r|||| 00| 0
007 ta
008 220923b |||||||| |||| 00| 0 urd d
020 _c60
024 _a314916
037 _cTextual
040 _aARTS
_cARTS
_burd
041 _2urd
_aurd
082 _aO168,1N401x, M3
100 _aQuraishi Jazib
_9187178
245 0 _aPchchan
260 _aKarachi
_bMatabah Kamran Pakistan
_c1983
650 _aURDU POETRY
942 _hO168,1N401x, M3
_cTEXL
_2CC
999 _c408902
_d408902